Score 0/8 Timer 02:00
1 Play Today
% Correct
Noun
97.3%
Verb
91.1%
Interjection
85.3%
Pronoun
84.8%
Conjunction
83.7%
Adjective
78%
Adverb
76.1%
Preposition
67.6%
Remove Ads.
Support Sporcle.
Get the best of Sporcle when you Go Orange. This ad-free experience offers more features, more stats, and more fun while also helping to support Sporcle. Thank you for becoming a member.

You're not logged in!

Compare scores with friends on all Sporcle quizzes.
OR
Log In

Show Comments

Extras

Top Quizzes Today


Score Distribution

Your Account Isn't Verified!

In order to create a playlist on Sporcle, you need to verify the email address you used during registration. Go to your Sporcle Settings to finish the process.

Report this User

Report this user for behavior that violates our Community Guidelines.

Details: